[Event "VL18/19"]
[Site "Mecklenburg-Vorpommern"]
[Date "2018.10.21"]
[Round "1.2"]
[White "Wagner, Ralph"]
[Black "Schreiber, Kevin"]
[Result "1/2-1/2"]
[WhiteElo "2062"]
[BlackElo "2065"]
[PlyCount "25"]
[EventDate "2018.??.??"]
[EventType "team-tourn"]
[EventRounds "9"]
[EventCountry "GER"]
[WhiteTeam "SF Schwerin III"]
[BlackTeam "SF Schwerin II"]
[WhiteTeamCountry "GER"]
[BlackTeamCountry "GER"]

1. Nf3 Nf6 2. g3 g6 3. Bg2 Bg7 4. O-O d6 5. c4 O-O 6. Nc3 e5 7. d3 Nc6 8. a3 a5
9. Rb1 Bg4 10. b4 axb4 11. axb4 Qd7 12. Re1 Bh3 13. Bh1 1/2-1/2

[Event "VL18/19"]
[Site "Mecklenburg-Vorpommern"]
[Date "2018.10.21"]
[Round "1.5"]
[White "Roehl, Rainer"]
[Black "Focke, Adrian"]
[Result "1/2-1/2"]
[WhiteElo "2006"]
[BlackElo "1808"]
[PlyCount "59"]
[EventDate "2018.??.??"]
[EventType "team-tourn"]
[EventRounds "9"]
[EventCountry "GER"]
[WhiteTeam "SF Schwerin II"]
[BlackTeam "SF Schwerin III"]
[WhiteTeamCountry "GER"]
[BlackTeamCountry "GER"]

1. d4 Nf6 2. Nf3 e6 3. e3 b6 4. Bd3 Bb7 5. Nbd2 c5 6. b3 Be7 7. Bb2 O-O 8. O-O
d6 9. c4 Nbd7 10. Qe2 h6 11. Rac1 Re8 12. Rfd1 Rc8 13. Bb1 Qc7 14. h3 Qb8 15.
Ne1 Qa8 16. f3 Nh5 17. Ne4 Ndf6 18. dxc5 dxc5 19. Nd6 Bxd6 20. Rxd6 Ng3 21. Qf2
Nfh5 22. Rcd1 Bc6 23. R6d2 e5 24. e4 f6 25. Nc2 Qb7 26. Ne3 Qf7 27. Nf1 Nxf1
28. Kxf1 Nf4 29. Kg1 Qe7 30. Kh2 1/2-1/2

[Event "VL18/19"]
[Site "Mecklenburg-Vorpommern"]
[Date "2018.10.21"]
[Round "1.7"]
[White "Kupfernagel, Michael"]
[Black "Zeeck, Detlef"]
[Result "1-0"]
[WhiteElo "1939"]
[BlackElo "1676"]
[PlyCount "49"]
[EventDate "2018.??.??"]
[EventType "team-tourn"]
[EventRounds "9"]
[EventCountry "GER"]
[WhiteTeam "SF Schwerin II"]
[BlackTeam "SF Schwerin III"]
[WhiteTeamCountry "GER"]
[BlackTeamCountry "GER"]

1. d4 Nf6 2. Nc3 g6 3. e4 d6 4. Bg5 Bg7 5. f4 O-O 6. Nf3 Nbd7 7. e5 Ne8 8. Bc4
Nb6 9. Bb3 Bg4 10. O-O d5 11. Qe2 c6 12. Nd1 Nc7 13. Ne3 Bxf3 14. Qxf3 Ne6 15.
c3 Nxg5 16. fxg5 e6 17. Qf4 Nd7 18. Rf3 Rc8 19. Raf1 Rc7 20. Ng4 Nb6 21. Rh3
Kh8 22. Nf6 Bxf6 23. gxf6 Nd7 24. Rff3 a6 25. Rxh7+ 1-0

[Event "VL18/19"]
[Site "Mecklenburg-Vorpommern"]
[Date "2018.10.21"]
[Round "1.1"]
[White "Montag, Ralf"]
[Black "Lange, Jannis"]
[Result "0-1"]
[WhiteElo "1948"]
[BlackElo "1840"]
[PlyCount "64"]
[EventDate "2018.??.??"]
[EventType "team-tourn"]
[EventRounds "9"]
[EventCountry "GER"]
[WhiteTeam "VT Ludwigslust"]
[BlackTeam "Greifswalder SV II"]
[WhiteTeamCountry "GER"]
[BlackTeamCountry "GER"]

1. g3 g6 2. Bg2 Bg7 3. Nc3 c5 4. e4 Nc6 5. d3 Rb8 6. Be3 d6 7. Qd2 b5 8. Nge2
b4 9. Nd1 Nd4 10. O-O h5 11. c3 Nxe2+ 12. Qxe2 h4 13. d4 Qa5 14. Qd2 cxd4 15.
cxd4 Qh5 16. f3 hxg3 17. hxg3 Qh2+ 18. Kf2 Bh3 19. Rg1 Nf6 20. g4 Bxg2 21. Bf4
Bxf3+ 22. Ke1 Qxd2+ 23. Kxd2 Bxd1 24. Raxd1 Nxe4+ 25. Ke3 Ng5 26. Rg2 b3 27.
axb3 Rxb3+ 28. Rd3 Rb4 29. b3 Ne6 30. Ra2 Bxd4+ 31. Kf3 Bb6 32. Rh2 Nd4+ 0-1

[Event "VL18/19"]
[Site "Mecklenburg-Vorpommern"]
[Date "2018.10.21"]
[Round "1.3"]
[White "Illgen, Alexander"]
[Black "Lenz, Rudi"]
[Result "0-1"]
[WhiteElo "1898"]
[BlackElo "2115"]
[PlyCount "54"]
[EventDate "2018.??.??"]
[EventType "team-tourn"]
[EventRounds "9"]
[EventCountry "GER"]
[WhiteTeam "VT Ludwigslust"]
[BlackTeam "Greifswalder SV II"]
[WhiteTeamCountry "GER"]
[BlackTeamCountry "GER"]

1. d4 Nf6 2. Nf3 e6 3. c4 b6 4. Nc3 Bb7 5. Bg5 h6 6. Bxf6 Qxf6 7. e4 d6 8. Be2
Nd7 9. O-O a6 10. a4 g5 11. d5 Bg7 12. Qc2 g4 13. Nd2 Qg6 14. f4 gxf3 15. Rxf3
Be5 16. Rh3 Rg8 17. Bf3 a5 18. Nf1 O-O-O 19. Rb1 Bd4+ 20. Kh1 Ne5 21. b4 axb4
22. Rxb4 Bc5 23. Rb1 Nxc4 24. Bh5 Qh7 25. Qa2 Ba6 26. Be2 exd5 27. exd5 Qg7 0-1

[Event "VL18/19"]
[Site "Mecklenburg-Vorpommern"]
[Date "2018.10.21"]
[Round "1.4"]
[White "Schwahn, Christian"]
[Black "Krueger, Horst"]
[Result "1-0"]
[WhiteElo "1984"]
[BlackElo "1899"]
[PlyCount "115"]
[EventDate "2018.??.??"]
[EventType "team-tourn"]
[EventRounds "9"]
[EventCountry "GER"]
[WhiteTeam "Greifswalder SV II"]
[BlackTeam "VT Ludwigslust"]
[WhiteTeamCountry "GER"]
[BlackTeamCountry "GER"]

1. d4 d5 2. Nf3 c6 3. g3 Bf5 4. Bg2 e6 5. O-O Nf6 6. c4 Nbd7 7. Nc3 dxc4 8. Nd2
Nb6 9. Nf3 Bd6 10. Nh4 Bg4 11. f3 Bh5 12. e4 Be7 13. Re1 h6 14. Bf1 g5 15. Ng2
Qd7 16. Be3 Bg6 17. Bf2 Rd8 18. Qe2 Qc7 19. a4 e5 20. dxe5 Qxe5 21. a5 Nc8 22.
Qxc4 O-O 23. a6 Nd6 24. Qc5 Qxc5 25. Bxc5 Nd7 26. Bxa7 b6 27. e5 Nb5 28. Nxb5
Bc5+ 29. Kh1 cxb5 30. Bxb5 Rfe8 31. Rad1 Re7 32. b4 Bxb4 33. Bxb6 Ra8 34. Rxd7
Rxd7 35. Bxd7 Rxa6 36. Bf2 Bxe1 37. Bxe1 Ra3 38. Bc6 Bh5 39. g4 Bg6 40. h4 Bc2
41. Kh2 Ra6 42. Bd5 Ra3 43. Kg3 Kg7 44. Bf2 Kg6 45. Bd4 Ra4 46. h5+ Kg7 47. Bc3
Kf8 48. Ne3 Bd3 49. Bc6 Ra6 50. Bd7 Kg8 51. Bf5 Be2 52. Be4 Ra3 53. Bd4 Bd3 54.
Bxd3 Rxd3 55. Nf5 Kh7 56. Bc5 Rc3 57. Bf8 Rc6 58. Bxh6 1-0

[Event "VL18/19"]
[Site "Mecklenburg-Vorpommern"]
[Date "2018.10.21"]
[Round "1.5"]
[White "Meier, Klaus"]
[Black "Woll, Wilfried"]
[Result "0-1"]
[WhiteElo "1805"]
[BlackElo "1985"]
[PlyCount "90"]
[EventDate "2018.??.??"]
[EventType "team-tourn"]
[EventRounds "9"]
[EventCountry "GER"]
[WhiteTeam "VT Ludwigslust"]
[BlackTeam "Greifswalder SV II"]
[WhiteTeamCountry "GER"]
[BlackTeamCountry "GER"]

1. d4 d5 2. Nf3 e6 3. c4 c5 4. cxd5 exd5 5. Nc3 Nc6 6. e3 Nf6 7. Bd3 c4 8. Bc2
Bb4 9. Bd2 O-O 10. Qb1 h6 11. Bf5 Re8 12. O-O a6 13. Ne2 Bd6 14. Rc1 b5 15. b3
Ba3 16. Rd1 b4 17. Ng3 c3 18. Bc1 Bxc1 19. Rxc1 Ne4 20. Bxc8 Rxc8 21. Nxe4 dxe4
22. Ne1 f5 23. g3 Qd5 24. Qc2 a5 25. a4 g5 26. Ng2 Rc7 27. Rab1 Nd8 28. Qe2 Rg7
29. Qh5 Re6 30. Kh1 Reg6 31. g4 Ne6 32. gxf5 Qxf5 33. Nh4 Qh3 34. Qxg6 Rxg6 35.
Nxg6 Nc7 36. Ne5 Nd5 37. Nc4 Qf3+ 38. Kg1 h5 39. Re1 h4 40. Ne5 Qf5 41. Kg2 h3+
42. Kf1 Nf6 43. Ke2 Ng4 44. f4 Nxe5 45. dxe5 Qg4+ 0-1

[Event "VL18/19"]
[Site "Mecklenburg-Vorpommern"]
[Date "2018.10.21"]
[Round "1.6"]
[White "Troyke, Jannis"]
[Black "Emmrich, Olaf"]
[Result "1-0"]
[WhiteElo "1895"]
[BlackElo "1802"]
[PlyCount "89"]
[EventDate "2018.??.??"]
[EventType "team-tourn"]
[EventRounds "9"]
[EventCountry "GER"]
[WhiteTeam "Greifswalder SV II"]
[BlackTeam "VT Ludwigslust"]
[WhiteTeamCountry "GER"]
[BlackTeamCountry "GER"]

1. e4 d6 2. d4 Nf6 3. Nc3 c6 4. f4 Nbd7 5. Nf3 Qc7 6. e5 Nd5 7. Ne4 dxe5 8.
fxe5 b5 9. Bd2 N7b6 10. Bd3 Bg4 11. O-O e6 12. a4 b4 13. a5 Nd7 14. c4 bxc3 15.
bxc3 c5 16. Qa4 Be7 17. Bb5 Rd8 18. Bg5 Bxg5 19. Nfxg5 O-O 20. Bxd7 Qxd7 21.
Qxd7 Rxd7 22. Nxc5 Rc7 23. Nge4 h6 24. Rab1 Bf5 25. Rb3 Ne3 26. Re1 Nc4 27. Ra1
Rd8 28. Kf2 Bxe4 29. Nxe4 Rd5 30. Nc5 Rdxc5 31. dxc5 Rxc5 32. Rb8+ Kh7 33. Rb7
Nxe5 34. Rxa7 Kg6 35. Ke3 Nc6 36. Ra6 Rxc3+ 37. Kd2 Rc5 38. Ra4 Rd5+ 39. Kc3
Ne5 40. Rd4 Rc5+ 41. Kb4 Rc2 42. Kb3 Rxg2 43. Rad6 Rg1 44. Rd1 Rg2 45. a6 1-0

[Event "VL18/19"]
[Site "Mecklenburg-Vorpommern"]
[Date "2018.10.21"]
[Round "1.7"]
[White "Zacharias, Uwe"]
[Black "Sowada, Christoph"]
[Result "1-0"]
[WhiteElo "1834"]
[BlackElo "1941"]
[PlyCount "59"]
[EventDate "2018.??.??"]
[EventType "team-tourn"]
[EventRounds "9"]
[EventCountry "GER"]
[WhiteTeam "VT Ludwigslust"]
[BlackTeam "Greifswalder SV II"]
[WhiteTeamCountry "GER"]
[BlackTeamCountry "GER"]

1. d4 f5 2. c4 d6 3. Nc3 Nf6 4. Bg5 c6 5. Bxf6 exf6 6. e3 g6 7. Bd3 Bg7 8. Nge2
Na6 9. a3 Nc7 10. Qc2 Be6 11. h4 Qd7 12. h5 Rc8 13. hxg6 hxg6 14. Rxh8+ Bxh8
15. O-O-O d5 16. c5 Bg7 17. Nf4 Bf7 18. Rh1 Ne6 19. Nxe6 Bxe6 20. Ne2 Kf7 21.
g4 Rh8 22. Rxh8 Bxh8 23. Nf4 Bg7 24. Nxe6 Qxe6 25. gxf5 gxf5 26. Bxf5 Qe7 27.
Bg6+ Kf8 28. Qf5 Qc7 29. Qe6 Bh8 30. Bf5 1-0

[Event "VL18/19"]
[Site "Mecklenburg-Vorpommern"]
[Date "2018.10.21"]
[Round "1.8"]
[White "Nauschuetz, Ernst"]
[Black "Altenburg, Reiner"]
[Result "1/2-1/2"]
[WhiteElo "1813"]
[BlackElo "1699"]
[PlyCount "27"]
[EventDate "2018.??.??"]
[EventType "team-tourn"]
[EventRounds "9"]
[EventCountry "GER"]
[WhiteTeam "Greifswalder SV II"]
[BlackTeam "VT Ludwigslust"]
[WhiteTeamCountry "GER"]
[BlackTeamCountry "GER"]

1. c4 Nf6 2. g3 e6 3. Bg2 d5 4. Nf3 c6 5. O-O Bd6 6. Qc2 O-O 7. d4 Nbd7 8. Nbd2
Re8 9. e4 dxe4 10. Nxe4 Nxe4 11. Qxe4 e5 12. dxe5 Nxe5 13. Qc2 Nxf3+ 14. Bxf3
1/2-1/2

[Event "VL18/19"]
[Site "Mecklenburg-Vorpommern"]
[Date "2018.10.21"]
[Round "1.5"]
[White "Junggebauer, Thomas"]
[Black "Giese, Lothar"]
[Result "1/2-1/2"]
[WhiteElo "1902"]
[BlackElo "1822"]
[PlyCount "26"]
[EventDate "2018.??.??"]
[EventType "team-tourn"]
[EventRounds "9"]
[EventCountry "GER"]
[WhiteTeam "Gruen-Weiss Wismar"]
[BlackTeam "FHSG Stralsund"]
[WhiteTeamCountry "GER"]
[BlackTeamCountry "GER"]

1. d4 d5 2. g3 Nf6 3. Bg2 g6 4. Nf3 Bg7 5. O-O O-O 6. Bg5 c6 7. Re1 h6 8. Bxf6
exf6 9. e4 dxe4 10. Rxe4 Be6 11. c3 Bd5 12. Re1 Re8 13. Rxe8+ Qxe8 1/2-1/2

[Event "VL18/19"]
[Site "Mecklenburg-Vorpommern"]
[Date "2018.10.21"]
[Round "1.1"]
[White "Luethke, Hans Eckart"]
[Black "Wolke, Heiko"]
[Result "1-0"]
[WhiteElo "2100"]
[BlackElo "1961"]
[PlyCount "101"]
[EventDate "2018.??.??"]
[EventType "team-tourn"]
[EventRounds "9"]
[EventCountry "GER"]
[WhiteTeam "Graal-Mueritz"]
[BlackTeam "SFO Warnemuende"]
[WhiteTeamCountry "GER"]
[BlackTeamCountry "GER"]

1. e4 c6 2. c4 d5 3. exd5 cxd5 4. cxd5 Nf6 5. Qa4+ Bd7 6. Qb3 Qb6 7. Bc4 Na6 8.
Nc3 Nc7 9. Nf3 Qxb3 10. Bxb3 Nb5 11. O-O g5 12. d3 h6 13. Re1 Nd6 14. Ne4 O-O-O
15. Be3 Kb8 16. Bd4 Bg7 17. Nc5 Rhe8 18. Nxd7+ Rxd7 19. Ba4 b5 20. Bb3 Nf5 21.
Be5+ Kb7 22. Bc3 Nxd5 23. Bxg7 Nxg7 24. Ne5 Rdd8 25. Nxf7 Rd7 26. Re5 Nc7 27.
Rd1 Nh5 28. Nxh6 Red8 29. Nf7 Rf8 30. Rxg5 Nf4 31. Ne5 Rd4 32. Kf1 e6 33. Rg7
a5 34. Rc1 Rc8 35. g3 a4 36. Bd1 Nxd3 37. Nxd3 Rxd3 38. Be2 Rd2 39. Bxb5 Kb6
40. Bxa4 Rf8 41. f4 Na6 42. Rc2 Rd4 43. Rc6+ Ka5 44. Bb3 Nb8 45. Rg5+ Rf5 46.
Rxe6 Rxg5 47. fxg5 Nd7 48. g6 Rg4 49. Kg2 Nf8 50. Rf6 Nxg6 51. Be6 1-0

[Event "VL18/19"]
[Site "Mecklenburg-Vorpommern"]
[Date "2018.10.21"]
[Round "1.2"]
[White "Ruesch, Hans Joachim"]
[Black "Jansen, Andreas"]
[Result "1/2-1/2"]
[WhiteElo "1959"]
[BlackElo "2056"]
[PlyCount "21"]
[EventDate "2018.??.??"]
[EventType "team-tourn"]
[EventRounds "9"]
[EventCountry "GER"]
[WhiteTeam "SFO Warnemuende"]
[BlackTeam "Graal-Mueritz"]
[WhiteTeamCountry "GER"]
[BlackTeamCountry "GER"]

1. Nf3 g6 2. g3 Bg7 3. Bg2 d6 4. e4 c6 5. O-O Qc7 6. c3 Nd7 7. d4 e5 8. Qe2
Ngf6 9. dxe5 dxe5 10. Nbd2 O-O 11. a4 1/2-1/2

[Event "VL18/19"]
[Site "Mecklenburg-Vorpommern"]
[Date "2018.10.21"]
[Round "1.3"]
[White "Van Bentum, Horst"]
[Black "Hamann, Dirk"]
[Result "1/2-1/2"]
[WhiteElo "1945"]
[BlackElo "1880"]
[PlyCount "25"]
[EventDate "2018.??.??"]
[EventType "team-tourn"]
[EventRounds "9"]
[EventCountry "GER"]
[WhiteTeam "Graal-Mueritz"]
[BlackTeam "SFO Warnemuende"]
[WhiteTeamCountry "GER"]
[BlackTeamCountry "GER"]

1. e4 e5 2. Nf3 Nf6 3. Nxe5 d6 4. Nf3 Nxe4 5. Qe2 Qe7 6. d3 Nf6 7. Bg5 Nc6 8.
Bxf6 gxf6 9. Qxe7+ Bxe7 10. Nc3 Be6 11. O-O-O O-O-O 12. Be2 Rhg8 13. Rhg1
1/2-1/2

[Event "VL18/19"]
[Site "Mecklenburg-Vorpommern"]
[Date "2018.10.21"]
[Round "1.4"]
[White "Boecking, Uwe"]
[Black "Moritz, Hartmut"]
[Result "1/2-1/2"]
[WhiteElo "1721"]
[BlackElo "1917"]
[PlyCount "58"]
[EventDate "2018.??.??"]
[EventType "team-tourn"]
[EventRounds "9"]
[EventCountry "GER"]
[WhiteTeam "SFO Warnemuende"]
[BlackTeam "Graal-Mueritz"]
[WhiteTeamCountry "GER"]
[BlackTeamCountry "GER"]

1. e4 e6 2. d4 d5 3. exd5 exd5 4. Nf3 Bd6 5. Bd3 Ne7 6. O-O O-O 7. Bg5 f6 8.
Bh4 Bf5 9. Bg3 c6 10. c3 Re8 11. Qc2 Bxd3 12. Qxd3 Bxg3 13. hxg3 Ng6 14. Nbd2
Nd7 15. Rfe1 Ndf8 16. Rxe8 Qxe8 17. Re1 Qd7 18. Re3 Re8 19. Qe2 Rxe3 20. Qxe3
Kf7 21. Ne1 Qg4 22. Ndf3 Ne6 23. Nd3 Qe4 24. Qd2 Ne7 25. Qd1 Nf5 26. Nfe1 Nd6
27. Kf1 g6 28. Qa4 a6 29. Qb3 Nd8 1/2-1/2

[Event "VL18/19"]
[Site "Mecklenburg-Vorpommern"]
[Date "2018.10.21"]
[Round "1.5"]
[White "Simcaks, Sergejs"]
[Black "Schmidt, Reinhard"]
[Result "0-1"]
[WhiteElo "1867"]
[BlackElo "1777"]
[PlyCount "126"]
[EventDate "2018.??.??"]
[EventType "team-tourn"]
[EventRounds "9"]
[EventCountry "GER"]
[WhiteTeam "Graal-Mueritz"]
[BlackTeam "SFO Warnemuende"]
[WhiteTeamCountry "GER"]
[BlackTeamCountry "GER"]

1. e4 d5 2. Nf3 dxe4 3. Ng5 Nf6 4. Nc3 Bg4 5. Be2 Bf5 6. f3 exf3 7. Nxf3 c6 8.
d4 e6 9. O-O Bd6 10. Bd3 Bg6 11. Bg5 Nbd7 12. Kh1 Qc7 13. Ne2 Bxd3 14. Qxd3 h6
15. Bh4 g5 16. Bg3 Bxg3 17. Nxg3 O-O-O 18. Qa3 Nd5 19. Qxa7 Nf4 20. Rae1 f6 21.
a4 h5 22. a5 Qb8 23. Qxb8+ Kxb8 24. Ne4 Rdf8 25. Nd6 Kc7 26. g3 Kxd6 27. gxf4
gxf4 28. Nh4 Ra8 29. Ng6 Rhg8 30. Nxf4 e5 31. dxe5+ fxe5 32. Rd1+ Ke7 33. Nxh5
Rh8 34. Ng3 Rxa5 35. b3 Rd5 36. Kg2 Nc5 37. Nf5+ Kd7 38. Ne3 Rxd1 39. Rxd1+ Ke7
40. b4 Ne6 41. Nf5+ Kf6 42. Nd6 Nf4+ 43. Kg1 Rg8+ 44. Kf1 Rg2 45. Nxb7 Rxc2 46.
h4 Nd5 47. Re1 Rh2 48. Re4 Rb2 49. Nc5 Rxb4 50. Rxb4 Nxb4 51. Ke2 Kf5 52. h5
Nd5 53. Nd7 Nf4+ 54. Ke3 Nxh5 55. Nc5 Nf6 56. Nb3 Nd5+ 57. Kd3 Kf4 58. Nd2 Nb6
59. Ne4 Nd7 60. Nd6 Nf6 61. Nc4 c5 62. Nd2 e4+ 63. Kc4 e3 0-1

[Event "VL18/19"]
[Site "Mecklenburg-Vorpommern"]
[Date "2018.10.21"]
[Round "1.6"]
[White "Vladov, Mark"]
[Black "Jeske, Holger"]
[Result "0-1"]
[WhiteElo "1639"]
[BlackElo "1820"]
[PlyCount "104"]
[EventDate "2018.??.??"]
[EventType "team-tourn"]
[EventRounds "9"]
[EventCountry "GER"]
[WhiteTeam "SFO Warnemuende"]
[BlackTeam "Graal-Mueritz"]
[WhiteTeamCountry "GER"]
[BlackTeamCountry "GER"]

1. f4 Nf6 2. Nf3 d6 3. b3 g6 4. Bb2 Bg7 5. e3 O-O 6. g3 b6 7. Bg2 Bb7 8. O-O
Nbd7 9. c4 e6 10. d3 e5 11. fxe5 Ng4 12. Re1 dxe5 13. h3 Nh6 14. Nc3 Rb8 15.
Qc2 f5 16. Rad1 c6 17. e4 Qe7 18. Bc1 f4 19. g4 c5 20. g5 Nf7 21. h4 Rfd8 22.
Ba3 Nf8 23. Kh2 Bc8 24. Nd5 Qd7 25. Qf2 Qb7 26. b4 Qa6 27. Bc1 Ne6 28. Ne7+ Kf8
29. Nc6 Bd7 30. b5 Qb7 31. Nxb8 Qxb8 32. a4 Ke7 33. Ba3 h6 34. gxh6 Nxh6 35.
Bh3 Nd4 36. Qg2 Bxh3 37. Qxh3 Qc8 38. Nxd4 Ng4+ 39. Kg1 exd4 40. Rd2 Rh8 41.
Rg2 Ne5 42. Qxc8 Rxc8 43. Rd1 Rh8 44. h5 Rxh5 45. a5 Bh6 46. Rh2 Nf3+ 47. Kg2
Nxh2 48. Rh1 f3+ 49. Kg3 Bf4+ 50. Kxf4 f2 51. axb6 axb6 52. Kg3 f1=Q 0-1

[Event "VL18/19"]
[Site "Mecklenburg-Vorpommern"]
[Date "2018.10.21"]
[Round "1.7"]
[White "Schulz, Wolf Detlef"]
[Black "Fenske, Harald"]
[Result "1/2-1/2"]
[WhiteElo "1782"]
[BlackElo "1583"]
[PlyCount "29"]
[EventDate "2018.??.??"]
[EventType "team-tourn"]
[EventRounds "9"]
[EventCountry "GER"]
[WhiteTeam "Graal-Mueritz"]
[BlackTeam "SFO Warnemuende"]
[WhiteTeamCountry "GER"]
[BlackTeamCountry "GER"]

1. e4 e5 2. Bc4 Nf6 3. d4 Nc6 4. d5 Na5 5. Bd3 b6 6. Nf3 d6 7. O-O Be7 8. c4
O-O 9. Nc3 Nb7 10. Qc2 h6 11. Bd2 Nh7 12. Qc1 Nc5 13. Be2 f5 14. exf5 Bxf5 15.
b4 1/2-1/2

[Event "VL18/19"]
[Site "Mecklenburg-Vorpommern"]
[Date "2018.10.21"]
[Round "1.8"]
[White "Staben, Thomas"]
[Black "Schumann, Lutz"]
[Result "0-1"]
[WhiteElo "1589"]
[BlackElo "1756"]
[PlyCount "82"]
[EventDate "2018.??.??"]
[EventType "team-tourn"]
[EventRounds "9"]
[EventCountry "GER"]
[WhiteTeam "SFO Warnemuende"]
[BlackTeam "Graal-Mueritz"]
[WhiteTeamCountry "GER"]
[BlackTeamCountry "GER"]

1. e4 g6 2. d4 Bg7 3. Nf3 Nf6 4. Bd3 d6 5. c4 O-O 6. h3 Nc6 7. Nc3 e5 8. d5 Ne7
9. Bd2 Nd7 10. b4 a5 11. a3 f5 12. Ng5 Nf6 13. O-O h6 14. Ne6 Bxe6 15. dxe6 c6
16. Qb3 a4 17. Qc2 d5 18. cxd5 cxd5 19. exd5 e4 20. Bc4 Rc8 21. Qa2 Qc7 22. Bb5
Qd6 23. Rad1 Kh7 24. Bxa4 Qe5 25. Ne2 Nexd5 26. Bb3 Rfd8 27. g3 g5 28. Rc1 Rxc1
29. Rxc1 e3 30. fxe3 Nxe3 31. Bc3 Qe4 32. Nd4 Rxd4 33. Bxd4 Qxd4 34. Kh2 Qe5
35. Qe2 f4 36. Rg1 Ne4 37. Bc2 fxg3+ 38. Rxg3 Nxc2 39. Qxc2 Qf5 40. Qg2 Nxg3
41. Qxg3 Be5 0-1

[Event "VL18/19"]
[Site "Mecklenburg-Vorpommern"]
[Date "2018.10.21"]
[Round "1.1"]
[White "Mangold, Thomas"]
[Black "Schmekel, Florian"]
[Result "1/2-1/2"]
[WhiteElo "2055"]
[BlackElo "2016"]
[PlyCount "83"]
[EventDate "2018.??.??"]
[EventType "team-tourn"]
[EventRounds "9"]
[EventCountry "GER"]
[WhiteTeam "SSC Rostock"]
[BlackTeam "SAV Torgelow"]
[WhiteTeamCountry "GER"]
[BlackTeamCountry "GER"]

1. d4 Nf6 2. c4 e6 3. Nc3 Bb4 4. e3 Bxc3+ 5. bxc3 c5 6. Bd3 Nc6 7. Ne2 d6 8. e4
e5 9. O-O O-O 10. d5 Ne7 11. f4 exf4 12. Bxf4 Qc7 13. Bg5 Ng4 14. Ng3 f6 15.
Nf5 Ne5 16. Bh4 N7g6 17. Bg3 Nf7 18. Nh4 Nxh4 19. Bxh4 Ne5 20. Bg3 Bg4 21. Be2
Bxe2 22. Qxe2 Rae8 23. Rab1 b6 24. Rf5 Nf7 25. Re1 Qd7 26. Qc2 Re7 27. h3 Rfe8
28. Rf2 Ne5 29. Bxe5 Rxe5 30. Rfe2 Qe7 31. Kf1 Rg5 32. Qa4 Qe5 33. Kg1 Re7 34.
Qc6 Qg3 35. Qc8+ Kf7 36. Rf2 Qxc3 37. Ref1 Qg3 38. Qh8 Qe5 39. Qxh7 Rg6 40. Rf4
Qg5 41. R1f2 Qh6 42. Qxh6 1/2-1/2

[Event "VL18/19"]
[Site "Mecklenburg-Vorpommern"]
[Date "2018.10.21"]
[Round "1.2"]
[White "Lehmann, Ruben"]
[Black "Pererva, Viktor"]
[Result "1/2-1/2"]
[WhiteElo "1908"]
[BlackElo "2080"]
[PlyCount "94"]
[EventDate "2018.??.??"]
[EventType "team-tourn"]
[EventRounds "9"]
[EventCountry "GER"]
[WhiteTeam "SAV Torgelow"]
[BlackTeam "SSC Rostock"]
[WhiteTeamCountry "GER"]
[BlackTeamCountry "GER"]

1. e4 e5 2. Nc3 Nf6 3. Bc4 Nxe4 4. Qh5 Nd6 5. Bb3 Be7 6. Nf3 Nc6 7. Nxe5 Nxe5
8. Qxe5 O-O 9. O-O Bf6 10. Qd5 Ne8 11. Ne4 Be7 12. d4 c6 13. Qh5 d5 14. Ng3 Nf6
15. Qf3 Bg4 16. Qd3 Bd6 17. c3 Bxg3 18. hxg3 Bh5 19. Bg5 h6 20. Bf4 Bg6 21. Qd2
Re8 22. Rfe1 Qd7 23. Bc2 Bxc2 24. Qxc2 Rxe1+ 25. Rxe1 Re8 26. Qd1 Re6 27. Kf1
Qe7 28. Rxe6 Qxe6 29. Qe1 h5 30. Qxe6 fxe6 31. Ke2 Kf7 32. Bc1 Kg6 33. Bf4 Kf5
34. Be5 g5 35. Bxf6 Kxf6 36. Ke3 Kf5 37. Kf3 e5 38. dxe5 Kxe5 39. Ke3 c5 40. b3
b6 41. b4 Kf5 42. b5 Ke5 43. Kd3 h4 44. gxh4 gxh4 45. Ke3 Kf5 46. Kf3 Ke5 47.
Ke3 Kf5 1/2-1/2

[Event "VL18/19"]
[Site "Mecklenburg-Vorpommern"]
[Date "2018.10.21"]
[Round "1.3"]
[White "Meuer, Martin"]
[Black "Zentgraf, Robert"]
[Result "1/2-1/2"]
[WhiteElo "2116"]
[BlackElo "2105"]
[PlyCount "44"]
[EventDate "2018.??.??"]
[EventType "team-tourn"]
[EventRounds "9"]
[EventCountry "GER"]
[WhiteTeam "SSC Rostock"]
[BlackTeam "SAV Torgelow"]
[WhiteTeamCountry "GER"]
[BlackTeamCountry "GER"]

1. e4 c5 2. a3 g6 3. d4 cxd4 4. c3 d3 5. Bxd3 Bg7 6. Nf3 Nc6 7. O-O Nf6 8. Bc2
O-O 9. h3 d6 10. Re1 Nd7 11. Nd4 Nde5 12. Bb3 Qb6 13. Nxc6 bxc6 14. Be3 Qc7 15.
f4 Nd7 16. Nd2 Rb8 17. Rb1 Ba6 18. Bc2 Rb7 19. Bd4 Bh6 20. Be3 Bg7 21. Bd4 Bh6
22. Be3 Bg7 1/2-1/2

[Event "VL18/19"]
[Site "Mecklenburg-Vorpommern"]
[Date "2018.10.21"]
[Round "1.4"]
[White "Bauer, Norbert"]
[Black "Krautschick, Clemens"]
[Result "1/2-1/2"]
[WhiteElo "2026"]
[BlackElo "1828"]
[PlyCount "94"]
[EventDate "2018.??.??"]
[EventType "team-tourn"]
[EventRounds "9"]
[EventCountry "GER"]
[WhiteTeam "SAV Torgelow"]
[BlackTeam "SSC Rostock"]
[WhiteTeamCountry "GER"]
[BlackTeamCountry "GER"]

1. d4 Nf6 2. c4 g6 3. Nc3 Bg7 4. e4 d6 5. Be2 O-O 6. Bg5 Nbd7 7. Qd2 e5 8. d5
Nc5 9. f3 Qe8 10. Bd1 Nfd7 11. Nge2 Nb6 12. b3 f5 13. Bc2 f4 14. Bh4 Bd7 15.
Bf2 Na6 16. a4 Rd8 17. Nb5 Bxb5 18. axb5 Nc5 19. Rxa7 Ra8 20. Qa5 Rxa7 21. Qxa7
Qa8 22. Qxa8 Rxa8 23. Kd2 Ncd7 24. Kc3 g5 25. h3 Kf7 26. Kb2 h6 27. Nc3 Bf8 28.
Ra1 Rxa1 29. Kxa1 h5 30. Bd1 h4 31. Kb2 Nc8 32. Ne2 Nc5 33. Kc3 Ke8 34. Bc2 Be7
35. Nc1 Nd7 36. Nd3 Kf7 37. Kb4 b6 38. Kc3 Nc5 39. Nb4 Ke8 40. Nc6 Bf6 41. Nb8
Be7 42. b4 Nd7 43. Na6 Kd8 44. Bd3 Bf8 45. Bc2 Be7 46. Ba4 Bf8 47. Bb3 Be7
1/2-1/2

[Event "VL18/19"]
[Site "Mecklenburg-Vorpommern"]
[Date "2018.10.21"]
[Round "1.5"]
[White "Hingst, Silke"]
[Black "Ehlers, Michael"]
[Result "0-1"]
[WhiteElo "1844"]
[BlackElo "1850"]
[PlyCount "84"]
[EventDate "2018.??.??"]
[EventType "team-tourn"]
[EventRounds "9"]
[EventCountry "GER"]
[WhiteTeam "SSC Rostock"]
[BlackTeam "SAV Torgelow"]
[WhiteTeamCountry "GER"]
[BlackTeamCountry "GER"]

1. e4 c5 2. c3 g6 3. d4 cxd4 4. cxd4 d5 5. exd5 Nf6 6. Nc3 Bg7 7. Bc4 O-O 8.
Nge2 Nbd7 9. d6 exd6 10. O-O Nb6 11. Bb3 Re8 12. Re1 Bf5 13. Bf4 Qd7 14. Qd2 d5
15. Bh6 Bh8 16. Ng3 Ne4 17. Ncxe4 dxe4 18. Nxf5 Qxf5 19. Rac1 Rac8 20. Qb4 Qd7
21. Rxc8 Nxc8 22. Ba4 Qe7 23. Qd2 Rd8 24. Bg5 f6 25. Bb3+ Kf8 26. Bh4 Nd6 27.
Qh6+ Qg7 28. Qc1 g5 29. Bg3 Qe7 30. Qc5 b6 31. Qb4 f5 32. Rc1 f4 33. Rf1 Nc8
34. Qd2 Rxd4 35. Qc2 Qc5 36. Qe2 Qe7 37. Qh5 Bf6 38. h3 fxg3 39. fxg3 Kg7 40.
Qg4 Nd6 41. h4 e3 42. Qh5 e2 0-1